Tilastot visalle Kongon tasavalta -visa

Klikkaa tästä pelataksesi tätä visaa!

Yleistilastot

  • Tätä visaa on pelattu 37 kertaa
  • Keskiarvotulos 12 / 18

Vastaustilastot

VihjeVastaus% Oikein
NaapurimaatKongon dem. tasavalta
96%
NaapurimaatKamerun
96%
NaapurimaatAngola
92%
NaapurimaatGabon
92%
NaapurimaatKeski-Afrikan tasavalta
92%
Virallinen kieliRanska
92%
PääkaupunkiBrazzaville
77%
Ehdottomasti tärkein vientituoteÖljy
73%
ValuuttaCFA-frangi
73%
Suurin merenlahti, jonka rannalla
Kongon tasavalta sijaitsee
Guineanlahti
73%
Alueen lyhyt alkuperäiskansaPygmit
69%
Tärkein viljelykasviManiokki
50%
Kansalliskielet kongon lisäksiLingala
50%
Suurimmat etniset ryhmät kongojen jälkeenTeket
46%
Toiseksi suurin kaupunkiPointe-Noire
46%
Kansalliskielet kongon lisäksiKituba
42%
Suurimmat etniset ryhmät kongojen jälkeenMbošit
38%
Maantieteellinen metsien ja matalien vuorien muodostama
alue, joka rajoittuu etelässä Kongojokeen ja pohjoisessa
Kouilou-Niari-jokeen
Mayombe
31%

Tulosjakauma

Persentiili vastausten määrän mukaan

Jokaisen tuloksen saaneiden osuus

Tuloshistoriasi

Et ole pelannut tätä visaa